Surface water in the Murray-Darling basin : what lies ahead? /

Gespeichert in:
Bibliographische Detailangaben
1. Verfasser: Horsfall, R. A.
Körperschaft: Australian and New Zealand Association for the Advancement of Science
Format: Tagungsbericht Buch
Sprache:English
Veröffentlicht: Sydney : The Association, 1972.
Schlagworte:
LEADER 01347nam a2200301 a 4500
001 c000394959
003 CARM
005 20131018121116.0
008 131018s1972 xnaab b 100 0 eng d
019 1 |a 69793545  |5 LACONCORD2021 
035 |a (OCoLC)1267583683  |5 LACONCORD2021 
040 |a VCAV  |c VCAV 
042 |a anuc 
082 0 4 |a 333.91  |2 23 
100 1 |a Horsfall, R. A. 
245 1 0 |a Surface water in the Murray-Darling basin :  |b what lies ahead? /  |c R.A. Horsfall, Deputy Chairman, State Rivers and Water Supply Commission, Victoria. 
260 |a Sydney :  |b The Association,  |c 1972. 
300 |a 14 leaves :  |b ill., maps ;  |c 29 cm. 
500 |a 44th Conference of the Australian and New Zealand Association for the Advancement of Science, Section 5, Engineering. 
504 |a Includes bibliography. 
650 0 |a Water-supply engineering  |v Congresses. 
650 0 |a Water-supply  |v Congresses. 
711 2 |a Australian and New Zealand Association for the Advancement of Science.  |q Congress  |n (44th :  |d 1972 :  |c Sydney) 
852 8 |b CARM  |p 0595570  |f BK 
852 8 |b SCAN  |h A3:AH13C0  |i F08696  |p 0595570  |f BK 
999 f f |i ac7d1c2b-d516-5960-85a3-c9c50cef851e  |s f434d113-50ea-5a17-8033-2a064da104f9 
952 f f |p Can circulate  |a CAVAL  |b CAVAL  |c CAVAL  |d CARM 1 Store  |i book  |m 0595570 
952 f f |a CAVAL  |b CAVAL  |c CAVAL  |d Unmapped Location  |e F08696  |f A3:AH13C0  |h Other scheme